| 000 | 00583nam a2200193 a 4500 | ||
|---|---|---|---|
| 001 | BRCA_8595 | ||
| 005 | 20190320210336.0 | ||
| 245 | 1 | 0 | _aCarpeta en blanco. |
| 260 |
_a[s.l.] _b[s.i.] _cs.XVII? |
||
| 300 |
_a1 vol. (sin paginación) _c31 cm |
||
| 500 | _aFondo antiguo | ||
| 500 | _aSe encuentra en Caja Fuerte | ||
| 500 | _aLB-4/11-49 | ||
| 500 | _aCarpeta en blanco encuadernada en piel | ||
| 500 | _aEjemplar conservado en carpeta negra | ||
| 506 | 0 | _aFondo reservado: para su consulta es necesario credencial de usuario y carta de motivos | |
| 902 | _aLAR | ||
| 942 |
_2lcc _cB |
||
| 999 |
_c8258 _d8258 |
||